000 00714nam a2200289Ia 4500
005 20260324130829.0
008 008 260324s9999 xx 000 0 eng d
020 _a9781003423553
037 _aEBOOK
040 _aCRL
040 _beng
040 _cCRL
041 _2eng
041 _aeng
084 _qCRL
100 _aMary Hennenfent
_91183241
245 0 _aLearning to be a Durable Person
245 0 _bSocial and Emotional Activities and Teacher Guide (Grades K-5)
260 _bTaylor and Francis
260 _c2007
365 _a
365 _b110
856 _uhttp://www.taylorfrancis.com/books/9781003423553
942 _cEBOOK
999 _c1779793
_d1779793